000 00551nam a2200205Ia 4500
003 OSt
005 20250503094306.0
008 220927b |||||||| |||| 00| 0 eng d
037 _cTextual
040 _aSDCL
_cSDCL
_beng
041 _2hin
_ahin
084 _aO15,1D40,3:g L4;1
100 _aShastri, Bhaskar B. P.
_9505866
245 0 _aMeghdoot mahima.
246 _aमेघदूत महिमा
260 _aNew Delhi :
_bParamount Publishing House,
_c1974.
300 _a199p.
942 _cTEXL
_2CC
_n0
999 _c824732
_d824732